000 00475nam a2200181Ia 4500
001 21403
005 20260306172916.0
008 260306t2005||||xx |||||||||||||| ||spa||
041 _aESP
082 _a344.83
_bN89
100 _aReyna Alfaro, Luis Miguel (Coord.)
_eAUT
245 0 _aNuevas tendencias del derecho penal económico y de la empresa
260 _c2005
300 _a940 páginas :
_c24 cm.
650 _aGEN
654 _aCDE
942 _cLIB
_dJUS
_fJUS
_2ddc
_n
999 _c21403
_d21403